| 000 | 00481nam a2200181Ia 4500 | ||
|---|---|---|---|
| 005 | 20250923144220.0 | ||
| 008 | 008 250917s9999 xx 000 0 eng d | ||
| 037 | _aTextual | ||
| 040 |
_aDSWL _beng _cDSWL |
||
| 041 |
_aeng _2eng |
||
| 084 |
_aS0TG5 _qDSWL |
||
| 100 |
_aMiller, H.C _9822459 |
||
| 245 | 4 |
_aThe new psychology and the teach _cby H.C Miller |
|
| 260 | _aLondon | ||
| 300 | _a232 p. | ||
| 942 |
_cTEXL _hS0TG5 |
||
| 999 |
_c1436166 _d1436166 |
||